[Event "Moscow op-A 14th"]
[Site "Moscow"]
[Date "2018.01.31"]
[Round "5"]
[White "Khelemendik, Roman"]
[Black "Sokolov, Ilia"]
[Result "1/2-1/2"]
[WhiteElo "2027"]
[BlackElo "1878"]
[PlyCount "43"]
[EventDate "2018.01.27"]
[EventType "swiss"]
[EventRounds "9"]
[EventCountry "RUS"]
[SourceTitle "CBM 182 Extra"]
[Source "ChessBase"]
[SourceDate "2018.02.23"]
[SourceVersion "1"]
[SourceVersionDate "2018.02.23"]
[SourceQuality "1"]

1. e4 c6 2. d4 d5 3. exd5 cxd5 4. Nf3 Nf6 5. Be2 g6 6. c4 Bg7 7. c5 0-0 8. a3 a5 9. Ne5 Nfd7 10. Nxd7 Qxd7 11. Nc3 Nc6 12. Be3 e5 13. Nb5 exd4 14. Nxd4 Nxd4 15. Bxd4 Bxd4 16. Qxd4 Re8 17. Kf1 Qe7 18. Bd3 Bf5 19. Bb5 Bd7 20. Bd3 Bf5 21. Bb5 Bd7 22. Bd3 1/2-1/2